A theory of socio-economic disparities in health over the life cycle (Record no. 510389)

000 -LEADER
fixed length control field 00447nam a2200157 4500
008 - FIXED-LENGTH DATA ELEMENTS--GENERAL INFORMATION
fixed length control field 190814b ||||| |||| 00| 0 eng d
100 ## - MAIN ENTRY--PERSONAL NAME
Personal name Galama, Titus J.
245 ## - TITLE STATEMENT
Title A theory of socio-economic disparities in health over the life cycle
260 ## - PUBLICATION, DISTRIBUTION, ETC. (IMPRINT)
Date of publication, distribution, etc 2019
300 ## - PHYSICAL DESCRIPTION
Extent p.338-374.
650 ## - SUBJECT ADDED ENTRY--TOPICAL TERM
Topical term or geographic name as entry element Medical care
9 (RLIN) 8306
700 ## - ADDED ENTRY--PERSONAL NAME
Personal name Kippersluis, Hans van
9 (RLIN) 8307
773 ## - HOST ITEM ENTRY
Main entry heading Economic Journal
906 ## - LOCAL DATA ELEMENT F, LDF (RLIN)
Subject DIP Health care
942 ## - ADDED ENTRY ELEMENTS (KOHA)
Source of classification or shelving scheme
Item type Articles
Holdings
Withdrawn status Lost status Source of classification or shelving scheme Damaged status Not for loan Permanent location Current location Date acquired Serial Enumeration / chronology Barcode Date last seen Koha item type
          Indian Institute of Public Administration Indian Institute of Public Administration 2019-08-14 129(617), Jan, 2019: p.338-374. AR120280 2019-08-14 Articles

Powered by Koha